000 00459nam a2200181Ia 4500
003 GCL
008 140319s9999 xx 000 0 eng d
040 _aGCL /
_cGCL
082 0 4 _a664.07
_bR V
100 1 _aRAO. M. A
245 1 0 _aVISCOELASTIC PROPERTIES OF FOODS /
_cRAO. M. A
700 1 _aSTEFFE. J. E
260 _a[S.N] :
_bEL SEVIER APPLIED SCIENCE ،
_c1992
300 _a441 P
650 0 4 _aFOOD
650 0 4 _aVISCOELASTICITY
942 _2ddc
_cBK
999 _c22900
_d22900